000 00526nam a22001577a 4500
005 20120410142917.0
020 _a8170861209
_c00.00
035 _aA-759007
037 _aDPL
_bENG
100 _aFulto, J. She
_944908
245 _aLife of Christ /
_cby J. She Fulto
260 _aBangalore
_bAsian Trading Corporation
_c1995
300 _a476p.
_c20 cms.
942 _2ddc
_cEN
_h280
_mSFS
999 _c64806
_d64806